|
|
|
|
| LEADER |
00000cam a2200000 7i4500 |
| 001 |
0000000337 |
| 005 |
20000802.0 |
| 090 |
0 |
0 |
|a MR634.98095951
|b DUN 1975
|
| 100 |
1 |
0 |
|a DUNN
|h F. L.
|
| 245 |
1 |
0 |
|a Rain-forest collectors and traders :
|b A study of resource utilization in modern and ancient Malaya
|c by F. L. Dunn
|
| 260 |
0 |
0 |
|a Kuala Lumpur :
|b Printed for the MBRAS by Perchetakan Mas ,
|c 1975
|
| 300 |
|
|
|a xii, 151 p. :
|b ill., maps ;
|c 25 cm.
|
| 440 |
0 |
0 |
|a Monographs of the Malaysian Branch of the Royal Asiatic Society
|v no. 5
|
| 500 |
0 |
0 |
|a Edited for the Council of the Society by Tan Sri Datuk Mubin Sheppard
|a Bibliography: p. 140-151
|
| 650 |
0 |
0 |
|a Ethnobotany
|z Malaysia
|
| 650 |
0 |
0 |
|a Forest products
|z Malaya
|x Economic aspects
|x History
|
| 650 |
0 |
0 |
|a Forest products
|z Malaya
|x Marketing
|
| 650 |
0 |
0 |
|a Human ecology
|z Malaya
|
| 650 |
0 |
0 |
|a Rain forest ecology
|z Malaya
|
| 651 |
0 |
0 |
|a Malaya
|x Antiquities
|
| 999 |
|
|
|a 0000001496
|b Monograph
|c Reference
|e Default branch
|